000 00654nam a22002177a 4500
999 _c159989
_d159989
005 20190112121910.0
006 a|||||f|||| 00| 0
007 tc
008 180720b xxu||||| |||| 00| 0 eng d
010 _aB-347981-B-347982
020 _c15.00
035 _aB-347981
037 _bA.I.C.B.
082 _aN
245 _aWho moved my cheese
260 _aNew Delhi
_bA.C.I.B.
_cN.D.
270 _aSector-5, Rohini,
_bNew Delhi
_e110085
300 _avarious pages.
_c30cm(HB).
942 _2ddc
_cBRLEN
_hN
_mWHO